01259nam a2200205 i 4500001000700000003000900007005001700016008004100033245033000074260007500404300004400479597007100523600002900594710006900623852002400692852002400716999001900740952014700759952014700906169992ES-MaACL20230906214248.0090108s1874 sp |||| | spa d00aDictámen presentado a la Sociedad Económica Matritense, por la Comisión especial que ha examinado los trabajos artísticos ejecutados por el Sr. D. Fausto Muñoz, como productos de su establecimiento cromo-litográfico de la ciudad de Málaga b: aprobado... por la Corporación en sesión de 21 de marzo de 1874. aMadrid : b[s.n., c1874] (eMálaga : fImp. de F. Carreras e hijos) a16, [2] p., [1] h. de lám. ; c21 cm. aReprod. carta de Eduardo Rosales a Fausto Muñoz: [2] p. finales.14aMuñoz, Fausto.91391702 aReal Sociedad Económica Matritense de Amigos del País.96389 aES-MaACLjT-342-F-8 aES-MaACLjT-169-F-2 c169992d169992 001040708Colección_de_folletosaATENEOMbATENEOMcDEPOFd2009-01-08eSCl0oT-342-F-8p1178479r2023-02-23 00:00:00w2023-02-23yFOLLETOS 001040708Colección_de_folletosaATENEOMbATENEOMcDEPOFd2012-03-27eSCl0oT-169-F-2p1189139r2023-02-23 00:00:00w2023-02-23yFOLLETOS